01626nam a2200277 a 450000100100000000500170001000800410002704000250006808200200009310000330011324500830014626000640022930000300029350000730032350000430039665000280043965000310046704900090049895201430050795201430065095201430079395201330093695201280106995201340119799900170133100001098320240412074222.0091013s1959 dr c 000 p spa d aDO-SdBNPbspacBNPHU aRD861.44bV635o1 aVicioso V., A. Felino92431510aOlimpiada :bcantos a los deportes y otras diversiones /cA. Felino Vicioso V. aCiudad Trujillo, República Dominicana :bMontalvo,c1959. a110 p. :bretr. ;c24 cm. aIn meroriam: de mis antecesores de esta y de Azua, mi sueldo natal - aIncluye notas al pie de las páginas. 0aPoesía dominicana966 0aLiteratura dominicana.967 aBNPD 001054708DSaGRbGRcCTd2009-10-13iLF1l0oRD861.44 V635op10983-30r2020-06-25te. 3w2020-06-25yLFDSzDedicadoZPréstamo en sala 001054708DSaGRbGRcCTd2009-10-13iLF1l0oRD861.44 V635op10983-40r2020-06-25te. 4w2020-06-25yLFDSzDedicadoZPréstamo en sala 001054708DSaGRbGRcCTd2009-10-13iLF1l0oRD861.44 V635op10983-50r2020-06-25te. 5w2020-06-25yLFDSzDedicadoZPréstamo en sala 001054708PDaGRbGRcCTd2011-05-30iLF1l0oRD861.44 V635op10983-60r2020-06-25te. 6w2020-06-25yLFPDZPréstamo en sala 0010718PDaPDbPDcCTd2009-10-13iLF1l0oRD861.44 V635op10983-10r2020-06-25w2020-06-25yLFPDzDedicadoZNo se presta 0010718PDaPDbPDcCTd2009-10-13iLF1l0oRD861.44 V635op10983-20r2020-06-25te. 2w2020-06-25yLFPDzDedicadoZNo se presta c10721d10721